Project management: (Record no. 1267)
[ view plain ]
| 000 -LEADER | |
|---|---|
| fixed length control field | 00612nam a2200205Ia 4500 |
| 003 - CONTROL NUMBER IDENTIFIER | |
| control field | BUBTL |
| 008 - FIXED-LENGTH DATA ELEMENTS--GENERAL INFORMATION | |
| fixed length control field | 151213s9999 xx 000 0 und d |
| 020 ## - INTERNATIONAL STANDARD BOOK NUMBER | |
| International Standard Book Number | 9788126525218 |
| 082 ## - DEWEY DECIMAL CLASSIFICATION NUMBER | |
| Classification number | 658.404/ M5417p/ 2010 |
| 100 ## - MAIN ENTRY--PERSONAL NAME | |
| Personal name | Meredith,Jack R. |
| 9 (RLIN) | 574 |
| 245 ## - TITLE STATEMENT | |
| Title | Project management: |
| Remainder of title | A managerial approach/ |
| Statement of responsibility, etc. | Jack R. Meredith, Samuel J. Mantel |
| 250 ## - EDITION STATEMENT | |
| Edition statement | 7th |
| 260 ## - PUBLICATION, DISTRIBUTION, ETC. (IMPRINT) | |
| Place of publication, distribution, etc. | New York |
| Name of publisher, distributor, etc. | John wiley |
| Date of publication, distribution, etc. | c2010 |
| 300 ## - PHYSICAL DESCRIPTION | |
| Extent | [xv],587p. |
| Other physical details | ill. |
| Dimensions | 23cm. |
| 650 ## - SUBJECT ADDED ENTRY--TOPICAL TERM | |
| Topical term or geographic name as entry element | Management |
| 700 ## - ADDED ENTRY--PERSONAL NAME | |
| Personal name | Jack R. Meredith, Samuel J. Mantel |
| 9 (RLIN) | 575 |
| 856 ## - ELECTRONIC LOCATION AND ACCESS | |
| Password | 0 |
| Logon | 0 |
| Link text | Download |
| 942 ## - ADDED ENTRY ELEMENTS (KOHA) | |
| Source of classification or shelving scheme | |
| Koha item type | Books |
| Withdrawn status | Lost status | Source of classification or shelving scheme | Damaged status | Not for loan | Collection code | Permanent location | Current location | Shelving location | Date acquired | Inventory number | Total Checkouts | Full call number | Barcode | Date last seen | Copy number | Price effective from | Koha item type | Date last checked out | Total Renewals |
|---|---|---|---|---|---|---|---|---|---|---|---|---|---|---|---|---|---|---|---|
| Not For Loan | Non-fiction | Bangladesh University of Business and Technology Library | Bangladesh University of Business and Technology Library | Management Stacks | 11/23/2014 | 19769 | 658.404MEP | BUBTL-200319769 | 04/19/2016 | C-1 | 04/19/2016 | Books | |||||||
| Not For Loan | Non-fiction | Bangladesh University of Business and Technology Library | Bangladesh University of Business and Technology Library | Management Stacks | 11/23/2014 | 19768 | 658.404MEP | BUBTL-200319768 | 04/19/2016 | C-2 | 04/19/2016 | Books | |||||||
| Non-fiction | Bangladesh University of Business and Technology Library | Bangladesh University of Business and Technology Library | Management Stacks | 12/24/2019 | 14836 | 8 | 658.404MEP | BUBTL-200314836 | 06/13/2024 | C-3 | 12/24/2019 | Books | 04/28/2024 | ||||||
| Non-fiction | Bangladesh University of Business and Technology Library | Bangladesh University of Business and Technology Library | Management Stacks | 12/24/2019 | 14838 | 1 | 658.404MEP | BUBTL-200314838 | 06/13/2021 | C-4 | 12/24/2019 | Books | 01/26/2021 | ||||||
| Non-fiction | Bangladesh University of Business and Technology Library | Bangladesh University of Business and Technology Library | Management Stacks | 12/24/2019 | 14840 | 2 | 658.404MEP | BUBTL-200314840 | 08/28/2022 | C-5 | 12/24/2019 | Books | 08/13/2022 | 1 |
